El latín en el derecho / (Record no. 1590)
[ view plain ]
| 000 -LEADER | |
|---|---|
| campo de control de longitud fija | 00893nam a22002057a 4500 |
| 003 - IDENTIFICADOR DE NÚMERO DE CONTROL | |
| campo de control | CoMeUDC |
| 005 - FECHA Y HORA DE LA ÚLTIMA TRANSACCIÓN | |
| campo de control | 20230118114307.0 |
| 008 - DATOS DE LONGITUD FIJA--INFORMACIÓN GENERAL | |
| campo de control de longitud fija | 221028b ||||| |||| 00| 0 eng d |
| 040 ## - FUENTE DE CATALOGACIÓN | |
| Centro/agencia transcriptor | CO-UdeC |
| 082 ## - NÚMERO DE LA CLASIFICACIÓN DECIMAL DEWEY | |
| Número de clasificación | 470 |
| Número de ítem | P923 |
| 100 ## - ENTRADA PRINCIPAL--NOMBRE DE PERSONA | |
| 9 (RLIN) | 2135 |
| Nombre de persona | Preciado Agudelo, Darío |
| 245 ## - MENCIÓN DEL TÍTULO | |
| Título | El latín en el derecho / |
| Mención de responsabilidad, etc. | Darío Preciado Agudelo. |
| 260 ## - PUBLICACIÓN, DISTRIBUCIÓN, ETC. | |
| Lugar de publicación, distribución, etc. | Medellín : |
| Nombre del editor, distribuidor, etc. | Todográficas, |
| Fecha de publicación, distribución, etc. | 2009. |
| 300 ## - DESCRIPCIÓN FÍSICA | |
| Extensión | 124 p. : |
| Dimensiones | 24 cm. |
| 505 ## - NOTA DE CONTENIDO CON FORMATO | |
| Nota de contenido con formato | Primera parte: la confesión -- la obligación -- La justicia -- La posesión -- La prueba -- La equidad -- El dolo -- La culpa -- La acción y la excepción -- Las palabras -- Las sentencias -- La hipoteca -- La herencia -- Los casos fortuitos -- Los frutos -- La ley -- El dominio -- Segunda parte: 285 temas individuales, en 285 números. |
| 546 ## - NOTA DE IDIOMA | |
| Nota de lengua/lenguaje | Español |
| 650 #0 - PUNTO DE ACCESO ADICIONAL DE MATERIA--TÉRMINO DE MATERIA | |
| 9 (RLIN) | 2136 |
| Término de materia o nombre geográfico como elemento de entrada | Latín |
| 650 #0 - PUNTO DE ACCESO ADICIONAL DE MATERIA--TÉRMINO DE MATERIA | |
| 9 (RLIN) | 2187 |
| Término de materia o nombre geográfico como elemento de entrada | Literatura latina |
| Subdivisión de forma | Derecho |
| 942 ## - ELEMENTOS DE ENTRADA SECUNDARIOS (KOHA) | |
| Fuente del sistema de clasificación o colocación | Clasificación Decimal Dewey |
| Tipo de ítem Koha | Libros |
| Estatus retirado | Estado de pérdida | Fuente del sistema de clasificación o colocación | Estado de daño | No para préstamo | Colección | Biblioteca de origen | Biblioteca actual | Fecha de adquisición | Fuente de adquisición | Signatura topográfica completa | Código de barras | Visto por última vez | Copia número | Precio de reemplazo | Tipo de ítem Koha |
|---|---|---|---|---|---|---|---|---|---|---|---|---|---|---|---|
| Clasificación Decimal Dewey | Colección general | U DE COLOMBIA - Biblioteca | U DE COLOMBIA - Biblioteca | 18/01/2023 | donación | 470 P923 | 003122 | 18/01/2023 | 1 | 18/01/2023 | Libros |
